Elementary linear circuit analysis / (Record no. 4295)
[ view plain ]
| 000 -LEADER | |
|---|---|
| fixed length control field | 01034nac a22002411u 4500 |
| 010 ## - LIBRARY OF CONGRESS CONTROL NUMBER | |
| LC control number | 96030994 |
| 020 ## - INTERNATIONAL STANDARD BOOK NUMBER | |
| International Standard Book Number | 0195113721 (cloth) |
| 020 ## - INTERNATIONAL STANDARD BOOK NUMBER | |
| International Standard Book Number | 019511373X (pbk.) |
| 082 00 - DEWEY DECIMAL CLASSIFICATION NUMBER | |
| Classification number | 621.3192 |
| Item number | B6638 |
| 090 ## - LOCALLY ASSIGNED LC-TYPE CALL NUMBER (OCLC); LOCAL CALL NUMBER (OCLC) | |
| -- | 4295 |
| -- | 4295 |
| 100 ## - MAIN ENTRY--PERSONAL NAME | |
| Personal name | Bobrow, Leonard S. |
| 245 10 - TITLE STATEMENT | |
| Title | Elementary linear circuit analysis / |
| Statement of responsibility, etc | Leonard S. Bobrow. |
| 260 ## - PUBLICATION, DISTRIBUTION, ETC. (IMPRINT) | |
| Place of publication, distribution, etc | New York : |
| Name of publisher, distributor, etc | Oxford University Press, |
| Date of publication, distribution, etc | 1987. |
| 300 ## - PHYSICAL DESCRIPTION | |
| Extent | 717 p. |
| Dimensions | 24 cm. |
| 440 #4 - | |
| -- | The Oxford series in electrical and computer engineering |
| 500 ## - GENERAL NOTE | |
| General note | Originally published: 2nd ed. New York : Holt, Rinehart, and Winston, 1987. |
| 500 ## - GENERAL NOTE | |
| General note | Includes index. |
| 650 #0 - SUBJECT ADDED ENTRY--TOPICAL TERM | |
| Topical term or geographic name as entry element | Electric circuits, Linear. |
| 856 42 - ELECTRONIC LOCATION AND ACCESS | |
| Materials specified | Publisher description |
| Uniform Resource Identifier | <a href="http://www.loc.gov/catdir/enhancements/fy0604/96030994-d.html">http://www.loc.gov/catdir/enhancements/fy0604/96030994-d.html</a> |
| 856 42 - ELECTRONIC LOCATION AND ACCESS | |
| Materials specified | Table of contents only |
| Uniform Resource Identifier | <a href="http://www.loc.gov/catdir/enhancements/fy0604/96030994-t.html">http://www.loc.gov/catdir/enhancements/fy0604/96030994-t.html</a> |
| 942 ## - ADDED ENTRY ELEMENTS (KOHA) | |
| Item type | Book - Borrowing |
| Call number prefix | 621.3192B6638 |
| Withdrawn status | Item status | Damaged status | Not for loan | Home library | Current library | Shelving location | Date acquired | Source of acquisition | Total Checkouts | Full call number | Barcode | Date last seen | Date last borrowed | Koha item type |
|---|---|---|---|---|---|---|---|---|---|---|---|---|---|---|
| Central Library | Central Library | First floor | 03/09/2007 | Purchase | 2 | 621.3192 BOB | 000005252 | 15/07/2025 | 05/01/2023 | Book - Borrowing |